00693nam a22001937a 450000500170000001000150001702000260003203500140005803700130007208200160008524501440010126000570024527000820030230000240038450000230040870000240043170000190045570000250047420180922124040.0 aENG-124024 c300.00a9788192606224 aEN-107556 bDBAD/PUB a305.8009545 aFamily and clan in north east india:ced. by Alphonsus D'Souza; Lalnghakthami [and] Pangernungba Kechubreflections by christian scholars / aGuwahatic2015bNorth Eastern Social Research Centre bGuwahatiaJagriti 2nd Floor, Arunadai Path, GMC Road, Christian Bastie781005 axix,292p.c21(pbk.) aIt includes index  a D'Souza, Alphonsus aLalnghakthami  a Kechu, Pangernungba